O.J. Simpson : monster or myth? /

Directly from the mouth of Simpson himself, with in-depth commentary from those closest to him and his legal issues, this documentary allows viewers to answer for themselves the key question being posed in the courtroom and around the world: What is the true face of O.J. Simpson?

Bibliographic Details
Corporate Authors: Marques Productions (Firm) (Producer), Celebrity Video Distribution (Firm)
Other Authors: Gira, Jay (Director), Boyd, Bill (Producer), Barangan, Hernan (Screenwriter)
Format: Video DVD
Language:English
Subjects:

MARC

Tag First Indicator Second Indicator Subfields
LEADER 00000cgm a2200000Ia 4500
001 in00002668021
005 20151202112340.0
007 vd cvaizu
008 101112s2010 cau051 vleng d
024 1 |a 812687011244 
028 4 2 |a CVD 1244  |b Celebrity Video Distribution 
035 |a (OCoLC)ocn681974008 
035 |a (OCoLC)ocm681974008 
035 |a (OCoLC)681974008 
037 |b Midwest Tape  |n http://www.midwesttapes.com 
040 |a TEFMT  |c TEFMT  |d TXA  |d UtOrBLW 
043 |a n-us-ca  |a n-us--- 
049 |a TXAM 
090 |a KF224.S485  |b O15 2010 
245 0 0 |a O.J. Simpson :  |b monster or myth? /  |c Marques Productions presents ; producer, W.L. Boyd ; written by Hernan Barangan ; directed by Jay Gira. 
246 1 |i Disc title:  |a O J :  |b monster or myth? 
246 1 |i Also known as:  |a OJ Simpson :  |b monster or myth? 
264 2 |a [Los Angeles, Calif.] :  |b Celebrity Video Distribution,  |c 2010. 
300 |a 1 videodisc (51 min.) :  |b sound, color ;  |c 4 3/4 in. 
336 |a two-dimensional moving image  |b tdi  |2 rdacontent 
337 |a video  |b v  |2 rdamedia 
338 |a videodisc  |b vd  |2 rdacarrier 
511 1 |a Interviews with: O. J. Simpson ; Arnelle Simpson ; F. Lee Bailey ; Alan M. Dershowitz ; Karl Douglas ; Shawn Chapman Holly ; Marcia Clark ; Stan Goldman. 
508 |a Editing, Hernan Barangan; cinematography, Jay Gira; music, Butch Vig. 
518 |a Originally released as documentary in 2010. 
521 |a Rating: Not rated. 
500 |a Bonus features include: interviews with attorneys Alan Dershowitz, former assistant D. A. Marcia Clark, and her team, the Cochran Firm with F. Lee Bailey, and a never-before-seen interview with O.J.'s eldest daughter, Arnelle Simpson, plus extra footage and a letter from O.J. written from jail. 
520 |a Directly from the mouth of Simpson himself, with in-depth commentary from those closest to him and his legal issues, this documentary allows viewers to answer for themselves the key question being posed in the courtroom and around the world: What is the true face of O.J. Simpson? 
505 0 |a Documentary -- Bonus features (ca. 7 min.). 
500 |a Videorecording. 
600 1 0 |a Simpson, O. J.,  |d 1947- 
650 0 |a Athletes  |z United States  |v Biography. 
650 0 |a Celebrities  |z United States  |v Biography. 
600 1 0 |a Simpson, O. J.,  |d 1947-  |x Trials, litigation, etc.  |x Public opinion. 
650 0 |a Trials (Murder)  |z California  |z Los Angeles  |x Public opinion. 
650 0 |a Discrimination in criminal justice administration  |z United States  |x Public opinion. 
650 0 |a Celebrities  |z United States  |x Public opinion. 
655 7 |a Documentary films.  |2 lcgft 
655 7 |a Biographical films.  |2 lcgft 
655 7 |a Nonfiction films.  |2 lcgft 
700 1 |a Gira, Jay,  |e director. 
700 1 |a Boyd, Bill  |c (Producer) 
700 1 |a Barangan, Hernan,  |e screenwriter. 
700 1 |a Simpson, O. J.,  |d 1947-  |e interviewee. 
700 1 |a Dershowitz, Alan M.,  |e interviewee. 
700 1 |a Clark, Marcia,  |e interviewee. 
700 1 |a Douglas, Karl,  |e interviewee. 
700 1 |a Simpson, Arnelle,  |d 1968-  |e interviewee. 
700 1 |a Bailey, F. Lee  |q (Francis Lee),  |d 1933-  |e interviewee. 
700 1 |a Holly, Shawn Chapman,  |e interviewee. 
700 1 |a Goldman, Stan,  |e interviewee. 
710 2 |a Marques Productions (Firm),  |e producer. 
710 2 |a Celebrity Video Distribution (Firm) 
948 |a cataloged  |b h  |c 2010/11/30  |d c  |e tchubaryan  |f 4:27:41 pm 
994 |a C0  |b TXA 
999 |a MARS 
999 f f |s 3615e171-6192-30de-8e1c-ca826b501d1a  |i ea794566-9a8f-3dd2-b248-978de75b11a9  |t 0 
952 f f |p dvd  |a Texas A&M University  |b College Station  |c Sterling C. Evans Library  |d Evans: Media and Reserves (Annex 1st floor)  |t 0  |e KF224.S485 O15 2010  |h Library of Congress classification  |i video -- videodisc  |m A14839344771 
998 f f |a KF224.S485 O15 2010  |t 0  |l Evans: Media and Reserves (Annex 1st floor)